| 000 | 00720nam a2200241 i 4500 | ||
|---|---|---|---|
| 001 | 13877 | ||
| 003 | ES-MaACL | ||
| 005 | 20230906150659.0 | ||
| 007 | t| | ||
| 008 | 980715s1969 fr ||||1| fre d | ||
| 080 | _a62/69:1 | ||
| 080 | _a1:62/69 | ||
| 100 | 1 |
_aSchuhl, Pierre-Maxime. _9104751 |
|
| 245 | 1 | 0 |
_aMachinisme et philosophie / _cpar Pierre-Maxime Schuhl. |
| 250 | _a3e ed. | ||
| 260 |
_aParis : _bPresses Universitaires de France, _c1969. |
||
| 300 |
_a151 p. ; _c18 cm. |
||
| 490 | 1 | _aNouvelle Encyclopédie philosophique | |
| 650 | 1 | 4 |
_aTecnología- _xFilosofía. _917408 |
| 830 | 0 |
_aNouvelle Encyclopédie philosophique _9181689 |
|
| 852 |
_aES-MaACL _jL-21156 _bR.113452 |
||
| 999 |
_c13877 _d13877 |
||